| 000 | 00564nam a2200217Ia 4500 | ||
|---|---|---|---|
| 005 | 20250923145836.0 | ||
| 008 | 008 250917s9999 xx 000 0 eng d | ||
| 037 | _aTextual | ||
| 040 |
_aDSWL _beng _cDSWL |
||
| 041 |
_aeng _2eng |
||
| 084 |
_aY57x1, N90 _qDSWL |
||
| 245 | 0 |
_aSlums and urbanization _c by A.R. Desai |
|
| 250 | _a2nd | ||
| 260 |
_aBombay _bPopular _c1990 |
||
| 300 | _axi,446p. | ||
| 365 |
_aINR _b350.00 |
||
| 700 |
_a S.D. Pillai _9839485 |
||
| 925 | _g350.00 | ||
| 942 |
_cTEXL _hY57x1, N90 |
||
| 999 |
_c1456364 _d1456364 |
||